• AIU
  • Tony Wilmot Memorial Library

Terminal Mercy / (Record no. 38676)

MARC details
000 -LEADER
fixed length control field 00543nam a22002051a 4500
003 - CONTROL NUMBER IDENTIFIER
control field NEGST
005 - DATE AND TIME OF LATEST TRANSACTION
control field 20211129103028.0
008 - FIXED-LENGTH DATA ELEMENTS--GENERAL INFORMATION
fixed length control field 030714s1999 001 0 eng d
020 ## - INTERNATIONAL STANDARD BOOK NUMBER
International Standard Book Number 0842370390
040 ## - CATALOGING SOURCE
Original cataloging agency DLC
Transcribing agency DLC
Modifying agency DLC
050 ## - LIBRARY OF CONGRESS CALL NUMBER
Classification number PS 3569.T4599
Item number T47 1999
100 1# - MAIN ENTRY--PERSONAL NAME
Personal name Stewart, Ed.
9 (RLIN) 52792
245 10 - TITLE STATEMENT
Title Terminal Mercy /
Statement of responsibility, etc Ed Stewart.
Medium [Text]
260 ## - PUBLICATION, DISTRIBUTION, ETC. (IMPRINT)
Place of publication, distribution, etc Wheaton
Name of publisher, distributor, etc Tyndale House Publishers
Date of publication, distribution, etc 1999
300 ## - PHYSICAL DESCRIPTION
Extent vii, 355p.
590 ## - LOCAL NOTE (RLIN)
Local note Accession number: 30842
650 ## - SUBJECT ADDED ENTRY--TOPICAL TERM
Topical term or geographic name as entry element Fiction.
9 (RLIN) 52793
942 ## - ADDED ENTRY ELEMENTS (KOHA)
Source of classification or shelving scheme Library of Congress Classification
Koha item type Books
Holdings
Withdrawn status Lost status Source of classification or shelving scheme Damaged status Not for loan Collection code Home library Current library Shelving location Date acquired Cost, normal purchase price Total Checkouts Total Renewals Full call number Barcode Date last seen Date checked out Copy number Price effective from Koha item type
    Library of Congress Classification     Fiction AIU/NEGST - Tony Wilmot Memorial Library AIU/NEGST - Tony Wilmot Memorial Library Fiction 02/01/2010 20.00 1 1 FIC PS 3569.T4599T47 1999 R08558N3232 02/22/2022 01/10/2022 1 02/01/2010 Books